000 00436nam a2200157 4500
001 136670
003 ES-MaACL
005 20230906195210.0
007 t|
008 070214s1957 sp r ||||1| spa d
100 1 _aSala Ferrer, Francisco.
_9101662
245 1 0 _aManual del tapicero /
_cFrancisco Sala Ferrer.
260 _aBarcelona :
_bSintes,
_c1957.
300 _a80 p. :
_bil. ;
_c18 cm.
852 _aES-MaACL
_jC-15552
_bR.43058
999 _c136670
_d136670